000 00573nam a2200193 a 4500
003 BD-DhJNU
005 20251028053900.0
008 251001s1964 ii a b 001 0 eng
040 _aBD-DhJNU
_bENG
_cBD-DhJNU
_dBD-DhJNU
082 0 0 _a910.72 GRS
_223
100 1 _aGregory, S.
245 1 0 _aStatistical methods and the geographer /
_cS. Gregory
260 _aLondon :
_bRoutledge,
_c1964.
300 _axvi, 229 p. :
_bill. ;
_c24 cm.
504 _aIncludes bibliographical references.
650 0 _aQuantitative geography
650 0 _aStatistical analysis
942 _cBK
999 _c2315
_d2315